000
00250nam a2200097Ia 4500
082
_a
EF VARG
245
0
_a
The chalk circle man
100
_a
Vargas, Fred London, 2009
_9
78872
942
_c
BK
008
210817s9999 xx 000 0 und d
999
_c
425992
_d
425991